Beliebteste Mädchennamen von 1970 bis 1974 in Deutschland - Statistiken

Allgemein
  • Dieses Quiz wurde 143 mal gespielt
  • Das Durchschnittsergebnis liegt bei 66 aus 175
Antwortstatistiken
Hint Antwort % Korrekt
23 | 32 Anna
73%
7 | 8 | 12 | 17 Susanne
64%
10 | 11 | 12 | +2 others Sabine
60%
3 | 4 | 5 | 6 Stefanie
57%
9 | 14 | 17 | +2 others Petra
52%
5 | 7 | 8 | 9 Katrin
50%
8 | 23 | 27 | 34 Julia
49%
2 | 3 | 4 | +2 others Sandra
49%
2 | 3 | 6 Claudia
48%
23 | 25 | 31 | 35 Christine
47%
19 | 25 | 26 | +2 others Heike
47%
34 Katharina
47%
17 | 21 | 22 Christina
46%
5 | 8 | 10 | 15 Andrea
43%
18 | 19 | 24 | +2 others Simone
43%
2 | 3 | 4 | 6 Tanja
41%
16 | 31 Birgit
40%
35 Monika
40%
5 | 9 | 16 | +2 others Daniela
39%
10 | 20 | 28 | 35 Michaela
39%
2 | 4 | 6 | +2 others Anja
37%
10 | 12 | 14 | 19 Kerstin
37%
8 | 9 | 12 | +2 others Katja
36%
14 | 18 | 20 | +2 others Martina
36%
28 Christiane
34%
18 | 24 | 31 | 32 Manuela
34%
1 Nicole
34%
21 | 29 | 33 | 34 Ulrike
33%
31 Anke
32%
7 | 9 | 13 | 23 Melanie
29%
11 | 13 | 14 | 15 Silke
28%
22 | 32 | 34 Silvia
27%
16 | 19 | 21 | +2 others Sonja
27%
33 Annette
26%
35 Eva
26%
30 Jana
26%
21 | 26 Nina
25%
14 | 15 | 17 | +2 others Alexandra
24%
20 | 26 | 28 Bettina
24%
35 Angela
22%
26 | 28 | 31 | +2 others Yvonne
20%
13 | 15 | 24 | 29 Britta
19%
11 | 22 Bianca
18%
27 Astrid
16%
33 Iris
11%
32 | 33 Kirsten
11%
30 Wiebke
10%
20 | 25 | 30 Maike
7%
Keine übereinstimmenden Quizze gefunden
Verteilung der Resultate
Anzahl Personen mit jedem Resultat
Perzentil nach korrekt beantworteten Fragen
Ihre Resultats-Entwicklung
Sie haben dieses Quiz noch nicht gespielt